00618nam a2200193Ia 4500008004100000050001300041050001500054100002400069245012700093245002300220260003100243260001000274260001000284300001500294300002000309300001100329500005600340521002800396160517s9999 xx 000 0 und d aHM 1261  b.M792 2016 aMontilla, Angelica. aRelationship between managerial leadership styles and employee performance in gulliver offshore outsourcing, Makati city / cAngelica Montilla. aLas Piñas, Philippines : bSISC, c2016. a65 pages : billustrations ; c28 cm. aIncludes bibliographical references and appendices. aBusiness Administration